00416nam a2200157Ia 4500003000400000008004100004040001600045082001600061100001800077245003500095260003800130300002200168490003300190650001700223650001800240GCL140319s9999 xx 000 0 eng d aGCL / cGCL04a720.92bS H1 aSTEELE, JAMES10aHASSAN FATHY / cSTEELE, JAMES a[S.N] : bACDEMIC PRESS ، c1988 a149 P ؛ c30 cm. aARCHITECTURE OF THE WORLDv004aARCHITECTURE04aFATHY, HASSAN